Online
Catalog

Imágenes constanceras : (Record no. 58852)

MARC details
000 -CABECERA
campo de control de longitud fija 01697nam a2200337 i 4500
003 - IDENTIFICADOR DEL NÚMERO DE CONTROL
campo de control DO-SdBNP
005 - FECHA Y HORA DE LA ÚLTIMA TRANSACCIÓN
campo de control 20250519122726.0
007 - CAMPO FIJO DE DESCRIPCIÓN FÍSICA--INFORMACIÓN GENERAL
campo de control de longitud fija ta
008 - DATOS DE LONGITUD FIJA--INFORMACIÓN GENERAL
campo de control de longitud fija 250519b2024 dr ao||| |||| 00| 0 spa d
020 ## - NÚMERO INTERNACIONAL ESTÁNDAR DEL LIBRO
Número Internacional Estándar del Libro 9789945251036
040 ## - FUENTE DE LA CATALOGACIÓN
Centro catalogador/agencia de origen DO-SdBNP
Lengua de catalogación spa
Centro/agencia transcriptor BNPHU
Normas de descripción rda
082 #4 - NÚMERO DE LA CLASIFICACIÓN DECIMAL DEWEY
Número de edición 22
Número de clasificación xxx
Número de documento/Ítem C343i
100 ## - ENTRADA PRINCIPAL--NOMBRE DE PERSONA
Nombre de persona Cassá Bernaldo de Quirós, Constancio,
Término indicativo de función/relación autor
Fechas asociadas al nombre 1953-
Código de función/relación aut.
9 (RLIN) 5204
245 10 - MENCIÓN DE TÍTULO
Título Imágenes constanceras :
Resto del título 1909-2000 /
Mención de responsabilidad, etc. Constancio Cassá y Teruki Waki ; diagramación, Juan Francisco Domínguez Novas ; diseño de cubierta, Juan F. Domínguez Novas y Éngely Fuma Santana ; colaboración de Elías Rodríguez.
250 ## - MENCIÓN DE EDICIÓN
Mención de edición Primera edición
264 #4 - PRODUCCIÓN, PUBLICACIÓN, DISTRIBUCIÓN, FABRICACIÓN Y COPYRIGHT
Producción, publicación, distribución, fabricación y copyright Santo Domingo, República Dominicana :
Fecha de producción, publicación, distribución, fabricación o copyright Archivo General de la Nación,
Nombre del de productor, editor, distribuidor, fabricante ©2024.
300 ## - DESCRIPCIÓN FÍSICA
Extensión 340 páginas :
Otras características físicas ilustraciones, fotografías ;
Dimensiones 21 cm.
336 ## - TIPO DE CONTENIDO
Término de tipo de contenido texto
Código de tipo de contenido txt
Fuente rdacontent
337 ## - TIPO DE MEDIO
Nombre/término del tipo de medio sin mediación
Código del tipo de medio n
Fuente rdamedia
338 ## - TIPO DE SOPORTE
Nombre/término del tipo de soporte volumen
Código del tipo de soporte nc
Fuente rdacarrier
490 0# - MENCIÓN DE SERIE
Mención de serie Archivo General de la Nación ;
Designación de volumen o secuencia 487
504 ## - NOTA DE BIBLIOGRAFÍA, ETC.
Nota de bibliografía, etc. Bibliografía: páginas 338-340
505 ## - NOTA DE CONTENIDO CON FORMATO
Nota de contenido con formato Breve historia de Constanza 11 -- Introducción 12 -- A modo de aclaración 16 -- Personalidades 107 -- Colonia española 179 -- Secadora y aserradero de Constanza 283 -- Abrigo rocoso indígena loma de huesos 319 -- Abrigo rocoso indígena arroyo el indio, afluente del rio las cuevas en la cercanía de valle nuevo 331
590 ## - NOTA LOCAL (RLIN)
Nota local Inventariado, 2025 /LP
700 1# - PUNTO DE ACCESO ADICIONAL--NOMBRE DE PERSONA
Nombre de persona Waki, Teruki,
Término indicativo de función/relación autor
Código de función/relación aut.
9 (RLIN) 87817
700 1# - PUNTO DE ACCESO ADICIONAL--NOMBRE DE PERSONA
Nombre de persona Domínguez Novas, Juan Francisco
Término indicativo de función/relación diseñador
Código de función/relación di.
9 (RLIN) 73382
700 1# - PUNTO DE ACCESO ADICIONAL--NOMBRE DE PERSONA
Nombre de persona Fuma Santana, Engely,
Término indicativo de función/relación diseñador
9 (RLIN) 87819
700 1# - PUNTO DE ACCESO ADICIONAL--NOMBRE DE PERSONA
Nombre de persona Rodríguez, Elías
Término indicativo de función/relación colaborador
Código de función/relación col.
9 (RLIN) 87820
910 ## - DATOS DE OPCIÓN DEL USUARIO (OCLC)
Datos de opción del usuario LP
942 ## - ELEMENTOS DE PUNTO DE ACCESO ADICIONAL (KOHA)
Fuente del sistema de clasificación o colocación Dewey Decimal Classification
Tipo de ítem Koha Libro
Holdings
Estado de retiro Estado de pérdida Fuente del sistema de clasificación o colocación Restricciones de uso No para préstamo Código de colección Localización permanente Ubicación/localización actual Ubicación en estantería Fecha de adquisición Fuente de adquisición Total de préstamos Signatura topográfica completa Código de barras Fecha visto por última vez Precio válido a partir de Tipo de ítem Koha Número de copia
    Dewey Decimal Classification Excluido de préstamo   Patrimonio Dominicano Biblioteca Nacional Pedro Henríquez Ureña Biblioteca Nacional Pedro Henríquez Ureña En catalogación 27.03.2025 Depósito Legal   xxx C343i 2025-3787 29.04.2025 29.04.2025 Libro  
    Dewey Decimal Classification Excluido de préstamo   Patrimonio Dominicano Biblioteca Nacional Pedro Henríquez Ureña Biblioteca Nacional Pedro Henríquez Ureña En catalogación 27.03.2025 Depósito Legal   xxx C343i 2025-3788 29.04.2025 29.04.2025 Libro e.2
    Dewey Decimal Classification Préstamo en sala   Dominicana de Servicio Biblioteca Nacional Pedro Henríquez Ureña Biblioteca Nacional Pedro Henríquez Ureña En catalogación 27.03.2025 Depósito Legal   xxx C343i 2025-3789 29.04.2025 29.04.2025 Libro e.3

Powered by Koha